[Event "Michigan Open"]
[Site "Flint, MI"]
[Date "1998.??.??"]
[Round "?"]
[White "Mazuchowski, Tom"]
[Black "Manion, Tom"]
[Result "1-0"]
[WhiteElo "2125"]
[BlackElo "1915"]
[PlyCount "87"]
[EventDate "1998.09.??"]

{9/4} 1. e4 d6 2. d4 Nf6 3. Nc3 g6 4. Nf3 Bg7 5. h3 O-O 6. Be3 b6 7. Qd2 Re8 8.
Bc4 c5 9. dxc5 bxc5 10. Rd1 Qc7 11. Ng5 Rf8 12. O-O Bb7 13. Nd5 Nxd5 14. exd5
Nd7 15. Be2 Nb6 16. c4 a5 17. Nf3 Rfe8 18. Bh6 Bf6 19. Qf4 Bxb2 20. Rb1 Bf6 21.
Bg5 Bg7 22. Bh6 Bf6 23. Nd2 Be5 24. Qh4 Nd7 25. Ne4 Bc8 26. Rb3 a4 27. Rf3 Nf6
28. Rxf6 Rb8 29. Rf3 Rb2 30. Bd1 Rxa2 31. Bf4 Bg7 32. Ng5 h5 33. Nxf7 Rf8 34.
Ng5 Bf6 35. Rg3 Rf7 36. Be3 Rg7 37. Bxh5 Rh7 38. Qe4 Bf5 39. Qxf5 gxf5 40. Ne6+
Kh8 41. Nxc7 Rxh5 42. Ne6 Rc2 43. Rc1 Ra2 44. Nf4 1-0

[Event "Michigan Open"]
[Site "Flint, MI"]
[Date "1998.??.??"]
[Round "?"]
[White "Mazuchowski, Tom"]
[Black "Brumley, Ron"]
[Result "0-1"]
[WhiteElo "2125"]
[BlackElo "1755"]
[PlyCount "80"]
[EventDate "1998.09.??"]

{9/5} 1. e4 e6 2. Qe2 c5 3. f4 Nc6 4. Nf3 Nf6 5. d3 d6 6. c3 Be7 7. g3 O-O 8.
Bg2 Rb8 9. O-O b5 10. Kh1 b4 11. d4 bxc3 12. bxc3 cxd4 13. cxd4 Qb6 14. Rd1 Ba6
15. Qe3 Nb4 16. Na3 Ng4 17. Qd2 Nd3 18. Rb1 Qc7 19. Rxb8 Rxb8 20. Rf1 Ndf2+ 21.
Kg1 Bxf1 22. Bxf1 Nxe4 23. Qe1 d5 24. Bd3 Ngf6 25. Nb5 Qd8 26. Nxa7 Qd7 27. Ne5
Qxa7 28. Nc6 Qc7 29. Nxb8 Qxb8 30. Qa5 g6 31. Bb5 Nd6 32. a4 Nxb5 33. axb5 Bd8
34. Qb4 Nd7 35. Ba3 Bb6 36. Kg2 Qc7 37. Kh3 Qa7 38. Qe7 Bxd4 39. g4 Bg7 40. b6
Qxb6 0-1

[Event "Cadillac Marathon"]
[Site "Cadillac, MI"]
[Date "1998.??.??"]
[Round "?"]
[White "Mayer, Raymond"]
[Black "Oss, Terry"]
[Result "1-0"]
[WhiteElo "1605"]
[BlackElo "1605"]
[PlyCount "61"]
[EventDate "1998.??.??"]

1. d4 d5 2. Nf3 Nc6 3. c4 Nf6 4. Bg5 h6 5. Bh4 e6 6. Nbd2 Bd6 7. e3 O-O 8. Bd3
Be7 9. a3 Re8 10. Qc2 Ng4 11. Bg3 b6 12. h3 Nf6 13. Ne5 Nxe5 14. Bxe5 Ne4 15.
Nxe4 dxe4 16. Bxe4 Bg5 17. g3 f6 18. Bf4 f5 19. Bxa8 Bf6 20. g4 fxg4 21. hxg4
e5 22. Bxh6 Qd7 23. Qg6 Re7 24. Be4 Ba6 25. Qh7+ Kf7 26. Bg6+ Ke6 27. d5+ Kd6
28. Bf5 Qd8 29. Qg6 gxh6 30. Qxf6+ Kc5 31. Qc6# 1-0

[Event "Cadillac Marathon"]
[Site "Cadillac, MI"]
[Date "1998.??.??"]
[Round "?"]
[White "Mayer, Raymond"]
[Black "Fischvogt, Eric"]
[Result "0-1"]
[WhiteElo "1605"]
[BlackElo "2220"]
[PlyCount "76"]
[EventDate "1998.??.??"]

1. e4 Nc6 2. Nf3 e5 3. Bc4 Nf6 4. O-O Nxe4 5. d3 Nd6 6. Bb3 Be7 7. Re1 Bf6 8.
Nc3 O-O 9. Nd5 Ne8 10. Nxf6+ Qxf6 11. Bg5 Qg6 12. Qd2 d6 13. Nh4 Qh5 14. f3 h6
15. g4 Qxg5 16. Qxg5 hxg5 17. Ng2 Nd4 18. Kf2 a5 19. Rh1 a4 20. Bd5 Nxc2 21.
Rac1 Nb4 22. Be4 d5 23. a3 dxe4 24. axb4 exf3 25. Kxf3 Nf6 26. h4 Bxg4+ 27. Kg3
gxh4+ 28. Rxh4 Rfd8 29. Ne1 Rd4 30. Rc2 Nh5+ 31. Kf2 g5 32. Rh2 Rxb4 33. Ke3 c6
34. Rh1 Kg7 35. Rch2 Kg6 36. Nf3 Re8 37. Rg1 e4 38. Rxg4 exd3+ 0-1

[Event "Michigan Open Reserve"]
[Site "Flint, MI"]
[Date "1998.??.??"]
[Round "?"]
[White "Maul, Tim"]
[Black "Mandell, S."]
[Result "1-0"]
[WhiteElo "1605"]
[BlackElo "1605"]
[PlyCount "49"]
[EventDate "1998.09.??"]

1. e4 e5 2. Nf3 Nc6 3. Bb5 Bc5 4. O-O Nge7 5. c3 d6 6. d4 exd4 7. cxd4 Bb4 8.
d5 a6 9. Qd4 Bd7 10. dxc6 axb5 11. cxd7+ Qxd7 12. Qxb4 Ra4 13. Qb3 Rc4 14. Na3
Rc5 15. Be3 Re5 16. Nxe5 dxe5 17. Qxb5 Qxb5 18. Nxb5 c6 19. Nd6+ Kd7 20. Nxf7
Rf8 21. Nxe5+ Kd6 22. Bc5+ Kxe5 23. Bxe7 Rf7 24. Bh4 Rf4 25. Bg3 1-0

[Event "Michigan Open Reserve"]
[Site "Flint, MI"]
[Date "1998.??.??"]
[Round "?"]
[White "Maul, Tim"]
[Black "Kane, Paul"]
[Result "0-1"]
[WhiteElo "1605"]
[BlackElo "1650"]
[PlyCount "59"]
[EventDate "1998.09.??"]

1. e4 c5 2. Nf3 d6 3. d4 cxd4 4. Nxd4 Nf6 5. Nc3 a6 6. Bg5 Nbd7 7. Nf5 Qc7 8.
Bf4 e5 9. Bg5 h6 10. Bh4 g5 11. Bg3 Nc5 12. Qf3 Be6 13. Nxd6+ Qxd6 14. Qxf6 Rg8
15. Qxe5 Qc6 16. Nd5 Bg7 17. Nc7+ Ke7 18. Nd5+ Kf8 19. Qd6+ Qxd6 20. Bxd6+ Ke8
21. Nc7+ Kd7 22. Nxa8 Kxd6 23. Nb6 Bxb2 24. Rb1 Bc3+ 25. Ke2 Nxe4 26. f3 Nc5
27. Kd1 Bxa2 28. Nc4+ Kc7 29. Rc1 Rd8+ 30. Bd3 0-1

[Event "Michigan Open Reserve"]
[Site "Flint, MI"]
[Date "1998.??.??"]
[Round "?"]
[White "Maul, Tim"]
[Black "Hazzard, Bill"]
[Result "1/2-1/2"]
[WhiteElo "1605"]
[BlackElo "1725"]
[PlyCount "94"]
[EventDate "1998.09.??"]

1. e4 d6 2. d4 Nf6 3. Nd2 e5 4. d5 Be7 5. Bd3 Nbd7 6. Nb3 O-O 7. Nf3 Re8 8. Qe2
c6 9. c4 cxd5 10. cxd5 Nf8 11. Bb5 Bd7 12. Bxd7 N8xd7 13. Bd2 Rc8 14. Bc3 Bf8
15. O-O Nc5 16. Nxc5 Rxc5 17. Bb4 Rc7 18. Bc3 Qc8 19. Nd2 Qg4 20. Qxg4 Nxg4 21.
h3 Nh6 22. f3 f5 23. exf5 Nxf5 24. Rfe1 Rc5 25. Ne4 Rxd5 26. Rad1 Rxd1 27. Rxd1
Re6 28. g4 Ne3 29. Rd3 Nc4 30. Bb4 a5 31. Bc3 b6 32. b3 Na3 33. Bb2 Nb5 34. a4
Nc7 35. Nc3 Be7 36. Bc1 Bd8 37. Be3 Na6 38. Nb5 Nc5 39. Bxc5 bxc5 40. Rxd6 Rxd6
41. Nxd6 Kf8 42. Nc4 Bc7 43. Kf2 g5 44. Nd2 Kf7 45. Ke3 h6 46. Ke4 Ke6 47. Nc4
Bd8 1/2-1/2

[Event "Michigan Class B"]
[Site "Grand Rapids, MI"]
[Date "1998.??.??"]
[Round "?"]
[White "Matias, I.C."]
[Black "al-Shareef, Robert"]
[Result "1-0"]
[WhiteElo "1645"]
[BlackElo "1720"]
[PlyCount "54"]
[EventDate "1998.01.??"]

1. d4 Nf6 2. c4 g6 3. Nc3 d5 4. Nf3 Bg7 5. Qb3 dxc4 6. Qxc4 O-O 7. e4 Nc6 8.
Be2 Bg4 9. Be3 Ne8 10. Rd1 Nd6 11. Qd3 e5 12. d5 Ne7 13. h3 Bd7 14. a4 a6 15.
Bg5 f6 16. Be3 Rc8 17. Qd2 c5 18. Bh6 Bxh6 19. Qxh6 g5 20. h4 Be8 21. hxg5 Bg6
22. gxf6 Rxf6 23. Nxe5 Nf7 24. Nxf7 Kxf7 25. Qe3 Kg7 26. f4 b5 27. e5 Rb6 {
[Remainder illegible]} 1-0

[Event "Michigan Class B"]
[Site "Grand Rapids, MI"]
[Date "1998.??.??"]
[Round "?"]
[White "Matias, I.C."]
[Black "Steen, Harold"]
[Result "0-1"]
[WhiteElo "1645"]
[BlackElo "1710"]
[PlyCount "123"]
[EventDate "1998.01.??"]

1. d4 Nf6 2. c4 g6 3. Nc3 Bg7 4. e4 d6 5. Be2 O-O 6. Nf3 Nbd7 7. O-O Re8 8. b4
e5 9. d5 a5 10. Ba3 axb4 11. Bxb4 b6 12. Nd2 Nc5 13. f3 Nh5 14. g3 Qg5 15. Rf2
Nf4 16. Bxc5 bxc5 17. Bf1 Bh3 18. Kh1 Bxf1 19. Qxf1 Nh5 20. Qd3 Qh6 21. Rg1
Reb8 22. Nf1 Ra3 23. Ne3 Qg5 24. Nc2 Rb2 25. Rff1 Qh6 26. Rg2 Ra8 27. a4 Bf6
28. Ne3 Nxg3+ 29. Kg1 Rxg2+ 30. Kxg2 Nxf1 31. Nxf1 Rb8 32. Qc2 Bh4 33. Nb5 Qg5+
34. Kh1 Qf4 35. Qe2 Rc8 36. Nd2 Ra8 37. Nc3 Bg5 38. Nb3 h5 39. a5 Bd8 40. Nb5
Ra6 41. Kg2 h4 42. Qf2 f5 43. Nc3 Qg5+ 44. Kh1 f4 45. Nb5 Qf6 46. Qg2 c6 47.
dxc6 Rxc6 48. Qg4 Qf7 49. Nc3 g5 50. Nd5 Kg7 51. a6 Bf6 52. Qf5 Rxa6 53. Qc8
Ra3 54. Qb8 Qd7 55. Nxf6 Kxf6 56. Qf8+ Kg6 57. Qg8+ Kf6 58. Qf8+ Qf7 59. Qxd6+
Kg7 60. Nxc5 Ra1+ 61. Kg2 h3+ 62. Kf2 {[Remainder illegible]} 0-1

[Event "Michigan Class B"]
[Site "Grand Rapids, MI"]
[Date "1998.??.??"]
[Round "?"]
[White "Matias, I.C."]
[Black "Stacey, William"]
[Result "1-0"]
[WhiteElo "1645"]
[BlackElo "1615"]
[PlyCount "63"]
[EventDate "1998.01.??"]

1. d4 d5 2. c4 c6 3. Nf3 Nf6 4. e3 e6 5. Nc3 Bb4 6. Bd3 O-O 7. O-O Nbd7 8. a3
Bxc3 9. bxc3 Ne4 10. Qc2 f5 11. cxd5 cxd5 12. Nd2 Ndf6 13. f3 Nxd2 14. Bxd2 Nd7
15. c4 dxc4 16. Bxc4 Nb6 17. Ba2 Bd7 18. Rac1 Rc8 19. Qd3 Nd5 20. e4 fxe4 21.
fxe4 Rxc1 22. Bxc1 Rxf1+ 23. Kxf1 Nc7 24. Kg1 Qf6 25. Be3 b6 26. Bf2 Kf8 27.
Qc3 Nb5 28. Qb4+ Qe7 29. d5 exd5 30. exd5 Nxa3 31. Qf4+ Ke8 32. Qb8+ 1-0

[Event "Michigan Amateur"]
[Site "Kalamazoo "]
[Date "1998.??.??"]
[Round "?"]
[White "Masek, Adam"]
[Black "Williams, Ken"]
[Result "0-1"]
[WhiteElo "1605"]
[BlackElo "1950"]
[PlyCount "40"]
[EventDate "1998.07.??"]

{7/19} 1. c4 c5 2. Nc3 Nc6 3. Nf3 g6 4. g3 Bg7 5. Bg2 d6 6. O-O Nf6 7. d3 O-O
8. a3 Bg4 9. Rb1 Qd7 10. b4 Bh3 11. Bxh3 Qxh3 12. bxc5 Ng4 13. Ne4 h6 14. Ned2
Bc3 15. e3 Nce5 16. d4 Bxd2 17. dxe5 Bxc1 18. Qxc1 dxe5 19. Qc2 f5 20. e4 fxe4
0-1

[Event "Michigan Open"]
[Site "Flint, MI"]
[Date "1998.??.??"]
[Round "?"]
[White "Masek, Adam"]
[Black "Triplett, Thomas"]
[Result "1-0"]
[WhiteElo "1605"]
[BlackElo "2015"]
[PlyCount "137"]
[EventDate "1998.09.??"]

{9/6} 1. c4 Nf6 2. g3 g6 3. Bg2 Bg7 4. Nf3 O-O 5. O-O d6 6. Nc3 e5 7. d3 Nc6 8.
Rb1 Nd4 9. b4 Bd7 10. b5 Qc8 11. Re1 Re8 12. a4 Bh3 13. Bh1 h6 14. Ba3 Rb8 15.
c5 Bf8 16. cxd6 cxd6 17. Rc1 Nxf3+ 18. Bxf3 Qe6 19. Ne4 Nxe4 20. dxe4 Rbc8 21.
Qd5 Qxd5 22. exd5 h5 23. e4 Bh6 24. Rxc8 Rxc8 25. Bxd6 f6 26. Bg2 Bd7 27. f4
Bg7 28. fxe5 fxe5 29. Bf1 Rc2 30. Ra1 Bg4 31. Bg2 Rc4 32. Bb8 a6 33. bxa6 bxa6
34. a5 Bd7 35. Re1 Rc5 36. Ra1 Bg4 37. Bf1 Bf3 38. Bg2 Bg4 39. Ra2 Rc1+ 40. Kf2
Bf8 41. Ba7 Bb4 42. Bf3 Bh3 43. Ke3 Re1+ 44. Kd3 Bf1+ 45. Be2 Bxe2+ 46. Rxe2
Rxe2 47. Kxe2 Bxa5 48. Bb8 Bc3 49. Kd3 Bd4 50. Bc7 Kf7 51. Kc4 g5 52. Bd8 g4
53. Kb4 Bg1 54. Ka5 Bxh2 55. Bh4 Ke8 56. Kxa6 Kd7 57. Kb7 Bg1 58. Bf6 Kd6 59.
Kc8 Bb6 60. Kb7 Bf2 61. Bh4 Kd7 62. Kb8 Bc5 63. Kb7 Be7 64. Bxe7 Kxe7 65. Kc7
h4 66. d6+ Kf7 67. d7 hxg3 68. d8=Q g2 69. Qd7+ 1-0

[Event "Michigan Amateur"]
[Site "Kalamazoo "]
[Date "1998.??.??"]
[Round "?"]
[White "Masek, Adam"]
[Black "Treacy, Joe"]
[Result "1-0"]
[WhiteElo "1605"]
[BlackElo "1660"]
[PlyCount "63"]
[EventDate "1998.07.??"]

{7/19} 1. c4 Nf6 2. g3 g6 3. Bg2 Bg7 4. Nc3 O-O 5. d3 c6 6. Nf3 d6 7. O-O Re8
8. d4 d5 9. cxd5 cxd5 10. Ne5 e6 11. Bg5 Qb6 12. b3 Nbd7 13. Be3 Qb4 14. Rc1
Nxe5 15. dxe5 Ng4 16. Bc5 Qxc5 17. Nxd5 Qa5 18. Nc7 Rf8 19. Nxa8 Bxe5 20. e4 f5
21. exf5 exf5 22. Qd5+ Qxd5 23. Bxd5+ Kh8 24. Nc7 Rd8 25. Ne6 Re8 26. Ng5 Kg7
27. Rfe1 Nf6 28. Rxc8 Rxc8 29. Rxe5 b6 30. Re7+ Kf8 31. Rf7+ Ke8 32. Rxf6 1-0

[Event "Cadillac Marathon"]
[Site "Cadillac, MI"]
[Date "1998.??.??"]
[Round "?"]
[White "Masek, Adam"]
[Black "Townsend, Paul"]
[Result "1-0"]
[WhiteElo "1605"]
[BlackElo "1935"]
[PlyCount "93"]
[EventDate "1998.??.??"]

1. c4 e6 2. g3 d5 3. cxd5 exd5 4. Bg2 Bc5 5. Nf3 Nf6 6. O-O c6 7. a3 O-O 8. Qc2
Bb6 9. b4 Re8 10. d3 Bf5 11. Bb2 Nbd7 12. Nc3 Rc8 13. Na4 c5 14. Nxb6 Qxb6 15.
Rac1 Nf8 16. Qd2 cxb4 17. Qxb4 Qxb4 18. axb4 Rxc1 19. Bxc1 Bg6 20. Re1 h6 21.
Be3 a6 22. Bh3 Ne6 23. Rc1 Bh5 24. Bg2 Nd7 25. Kf1 Nb8 26. g4 Bxg4 27. Ne5
Bxe2+ 28. Kxe2 d4 29. Bd2 Nd8 30. Kf1 Rxe5 31. Bf4 Rb5 32. Bxb8 Ne6 33. Be4 g6
34. Rc8+ Kg7 35. Bd6 f5 36. Bf3 Kf6 37. Rb8 a5 38. bxa5 Rxa5 39. Rxb7 Ra1+ 40.
Kg2 g5 41. Bh5 g4 42. Be7+ Ke5 43. Rb5+ Kf4 44. Bg6 Ng7 45. Bf6 Ra6 46. Bxd4
Rxg6 47. Be3# 1-0

[Event "Michigan Open"]
[Site "Flint, MI"]
[Date "1998.??.??"]
[Round "?"]
[White "Masek, Adam"]
[Black "Smith, Michael R"]
[Result "1/2-1/2"]
[WhiteElo "1605"]
[BlackElo "2045"]
[PlyCount "76"]
[EventDate "1998.09.??"]

{9/5} 1. c4 f5 2. g3 Nf6 3. Bg2 g6 4. d3 Bg7 5. Nf3 O-O 6. Nc3 d6 7. O-O c6 8.
Rb1 e5 9. Nd2 Be6 10. b4 d5 11. e3 e4 12. dxe4 dxe4 13. b5 c5 14. Qb3 Nbd7 15.
f4 Nb6 16. Rd1 Qc7 17. a4 Rad8 18. Bf1 Ng4 19. Re1 Nf6 20. a5 Nc8 21. b6 axb6
22. axb6 Qc6 23. Qb5 Ne7 24. Na4 Qxb5 25. cxb5 Nd7 26. Nc4 Nd5 27. Ba3 Nc3 28.
Nxc3 Bxc3 29. Rec1 Bg7 30. Nd6 Ba2 31. Bc4+ Bxc4 32. Nxc4 Ra8 33. Bb2 Bxb2 34.
Rxb2 Rf6 35. Rd2 Nxb6 36. Nxb6 Rxb6 37. Rxc5 Rf8 38. Rd7 Rf7 1/2-1/2

[Event "Cadillac Marathon"]
[Site "Cadillac, MI"]
[Date "1998.??.??"]
[Round "?"]
[White "Masek, Adam"]
[Black "Miller, Jess"]
[Result "1-0"]
[WhiteElo "1605"]
[BlackElo "1605"]
[PlyCount "59"]
[EventDate "1998.??.??"]

1. c4 e6 2. g3 Nf6 3. Bg2 d5 4. cxd5 exd5 5. Nf3 c6 6. O-O Nbd7 7. d3 Be7 8.
Nc3 O-O 9. Rb1 Re8 10. b4 a6 11. a4 b5 12. axb5 axb5 13. Nd4 Bb7 14. Re1 Ra4
15. Nxa4 bxa4 16. Qxa4 Qc7 17. Bf4 Bd6 18. Bxd6 Qxd6 19. Qc2 Ng4 20. Bh3 Ndf6
21. Qc5 Qc7 22. Bxg4 Nxg4 23. b5 Rc8 24. bxc6 Bxc6 25. Nf5 Re8 26. Qd6 Qa7 27.
e3 Re6 28. Qb8+ Qxb8 29. Rxb8+ Re8 30. Ne7+ 1-0

[Event "Michigan Amateur"]
[Site "Kalamazoo "]
[Date "1998.??.??"]
[Round "?"]
[White "Masek, Adam"]
[Black "Conlon, Russell"]
[Result "1/2-1/2"]
[WhiteElo "1605"]
[BlackElo "1910"]
[PlyCount "67"]
[EventDate "1998.07.??"]

{7/18} 1. c4 c5 2. g3 Nc6 3. Bg2 g6 4. Nc3 Bg7 5. Nf3 d6 6. O-O e6 7. d3 Nge7
8. e4 O-O 9. Be3 Nd4 10. Bxd4 cxd4 11. Ne2 e5 12. Nd2 Be6 13. b4 Qd7 14. Qc2
Rac8 15. Nb3 f5 16. Qd2 fxe4 17. Bxe4 b6 18. Rac1 d5 19. Bg2 dxc4 20. dxc4 Rxc4
21. Rxc4 Bxc4 22. f4 Qb5 23. Re1 Nf5 24. fxe5 Bxb3 25. axb3 Bxe5 26. g4 Ne3 27.
Nxd4 Bxd4 28. Qxd4 Nxg2 29. Kxg2 Qc6+ 30. Qe4 Qxe4+ 31. Rxe4 Rf7 32. h4 Rd7 33.
Kf3 Rd3+ 34. Re3 1/2-1/2

[Event "Michigan Beginners"]
[Site "Grand Rapids, MI"]
[Date "1998.??.??"]
[Round "?"]
[White "Masek, Adam"]
[Black "Cokewell, M."]
[Result "1-0"]
[WhiteElo "1605"]
[BlackElo "1605"]
[PlyCount "25"]
[EventDate "1998.01.??"]

1. e4 e5 2. Nf3 Nf6 3. Nxe5 Nxe4 4. Qe2 d5 5. d3 Nd6 6. Nc6+ Kd7 7. Nxd8 Kxd8
8. Bf4 Nf5 9. c3 Bb4 10. Kd1 Bd6 11. Bxd6 Re8 12. Bxc7+ Kxc7 13. Qxe8 1-0

[Event "Michigan Beginners"]
[Site "Grand Rapids, MI"]
[Date "1998.??.??"]
[Round "?"]
[White "Masek, Adam"]
[Black "Avery, James"]
[Result "1-0"]
[WhiteElo "1605"]
[BlackElo "1605"]
[PlyCount "31"]
[EventDate "1998.01.??"]

1. e4 e5 2. Nf3 Nc6 3. Bb5 f6 4. O-O Be7 5. Nh4 f5 6. Qh5+ g6 7. Nxg6 Nf6 8.
Qh3 Rg8 9. Nh4 Rg4 10. f3 Rxh4 11. Qxh4 Ng8 12. Qh5+ Kf8 13. Bc4 Qe8 14. Qxf5+
Nf6 15. d4 Nxd4 16. Bh6# 1-0

[Event "Michigan Junior Invitational"]
[Site "Ann Arbor, MI"]
[Date "1998.??.??"]
[Round "?"]
[White "Mankiewicz, Ryan"]
[Black "Hartwig, Thomas"]
[Result "1/2-1/2"]
[WhiteElo "2050"]
[BlackElo "2025"]
[PlyCount "44"]
[EventDate "1998.??.??"]

{6/28} 1. Nf3 d5 2. c4 c6 3. b3 Nf6 4. g3 Bg4 5. d4 dxc4 6. bxc4 Bxf3 7. exf3
e5 8. dxe5 Qa5+ 9. Bd2 Qxe5+ 10. Qe2 Nbd7 11. Bc3 Qxe2+ 12. Bxe2 Bd6 13. Nd2
O-O-O 14. O-O-O Rhe8 15. Rhe1 Be5 16. Nb1 Bxc3 17. Nxc3 Nc5 18. Rxd8+ Rxd8 19.
Kc2 Ne6 20. Nd1 Nd4+ 21. Kc1 Nxe2+ 22. Rxe2 Rd4 1/2-1/2

[Event "Michigan Junior Invitational"]
[Site "Ann Arbor, MI"]
[Date "1998.??.??"]
[Round "?"]
[White "Mankiewicz, Ryan"]
[Black "Ashton, Jeff"]
[Result "1/2-1/2"]
[WhiteElo "2155"]
[BlackElo "2050"]
[PlyCount "46"]
[EventDate "1998.??.??"]

{6/27} 1. c4 Nf6 2. Nc3 c6 3. g3 d5 4. cxd5 cxd5 5. d4 Nc6 6. Nf3 Ne4 7. Bg2
Nxc3 8. bxc3 g6 9. O-O Bg7 10. Rb1 O-O 11. Ne1 b6 12. Nd3 Bb7 13. Nb4 Na5 14.
Bf4 Rc8 15. Qd3 Qd7 16. Rfc1 Rc4 17. Rc2 Rfc8 18. Rbc1 e6 19. Bd2 Nc6 20. e3
Bf8 21. Nxc6 Qxc6 22. Rb2 b5 23. Qf1 a6 {[Remainder illegible]} 1/2-1/2

[Event "Michigan Open"]
[Site "Flint, MI"]
[Date "1998.??.??"]
[Round "?"]
[White "Manion, Tom"]
[Black "Morris, Jewell"]
[Result "1-0"]
[WhiteElo "1915"]
[BlackElo "1810"]
[PlyCount "75"]
[EventDate "1998.09.??"]

{9/7} 1. Nf3 c6 2. c4 d5 3. e3 Bg4 4. cxd5 cxd5 5. Nc3 Nc6 6. Bb5 Nf6 7. Qa4
Bd7 8. O-O e5 9. d4 e4 10. Ne5 Nxe5 11. dxe5 Ng4 12. Nxd5 Nxe5 13. Bxd7+ Nxd7
14. Qxe4+ Be7 15. Nxe7 Qxe7 16. Qxb7 O-O 17. b3 Qe5 18. Ba3 Nc5 19. Qb5 Rfc8
20. Rac1 a6 21. Qc4 Rc6 22. Qd4 Qc7 23. Bxc5 Rd8 24. Qh4 Rd5 25. Qe7 Qc8 26.
Ba3 Rxc1 27. Bxc1 h6 28. h3 Rg5 29. e4 Rg6 30. Kh1 Qc2 31. Qe8+ Kh7 32. Qxf7
Qxe4 33. Rg1 Rf6 34. Qc4 Qb1 35. Bg5 Qxg1+ 36. Kxg1 hxg5 37. Qe4+ g6 38. Qe7+
1-0

[Event "Michigan Open"]
[Site "Flint, MI"]
[Date "1998.??.??"]
[Round "?"]
[White "Manion, Tom"]
[Black "Hamilton, Z."]
[Result "1-0"]
[WhiteElo "1915"]
[BlackElo "1605"]
[PlyCount "110"]
[EventDate "1998.09.??"]

{9/5} 1. e4 d6 2. d4 Nf6 3. Nc3 g6 4. f4 Nc6 5. d5 Nb8 6. Nf3 c6 7. Be3 Bg7 8.
Be2 O-O 9. O-O Nbd7 10. Nd4 c5 11. Nb3 e5 12. dxe6 fxe6 13. Qxd6 b6 14. e5 Ne8
15. Qxe6+ Kh8 16. Qd5 Nc7 17. Qd6 Ne8 18. Qc6 Rb8 19. Rad1 Qe7 20. Rd2 Rb7 21.
Nd5 Qd8 22. Nc3 Qe7 23. Rfd1 Rc7 24. Qa4 Ndf6 25. Bf2 Bd7 26. exf6 Nxf6 27. Bb5
Bxb5 28. Qxb5 Ng4 29. Nd5 Qf7 30. Nxc7 Qxc7 31. Bg3 h5 32. Rd7 Qb8 33. f5 Qa8
34. Qd3 Qc6 35. Rd8 Rxd8 36. Qxd8+ Kh7 37. fxg6+ Kh6 38. Bf4+ Kxg6 39. Rd6+
Qxd6 40. Qxd6+ Kf5 41. h3 Nf6 42. Nd2 Ne8 43. Qb8 Bd4+ 44. Kf1 Nf6 45. c3 Ne4
46. cxd4 Nxd2+ 47. Bxd2 cxd4 48. Kf2 Ke4 49. Qf4+ Kd3 50. b3 Kc2 51. Qxd4 Kb1
52. a4 h4 53. Qc3 b5 54. Bc1 bxa4 55. bxa4 a5 1-0

[Event "Michigan Open"]
[Site "Flint, MI"]
[Date "1998.??.??"]
[Round "?"]
[White "Manion, Tom"]
[Black "Burke, Tim"]
[Result "1-0"]
[WhiteElo "1915"]
[BlackElo "1755"]
[PlyCount "51"]
[EventDate "1998.09.??"]

{9/7} 1. e4 c5 2. Nf3 Nc6 3. b3 Nf6 4. Nc3 g6 5. Bb2 Bg7 6. Nd5 e6 7. Nxf6+
Bxf6 8. Bxf6 Qxf6 9. Bb5 Ne5 10. Be2 O-O 11. O-O d5 12. d3 Nxf3+ 13. Bxf3 d4
14. Qe2 e5 15. Bg4 Bxg4 16. Qxg4 Qe6 17. Qg3 f6 18. f4 Qe7 19. Rf3 g5 20. Raf1
b6 21. fxg5 fxg5 22. Rf5 h6 23. h4 Kh8 24. hxg5 Rg8 25. Qh4 Qg7 26. Rf6 1-0

[Event "Michigan Open Reserve"]
[Site "Flint, MI"]
[Date "1998.??.??"]
[Round "?"]
[White "Mandell, S."]
[Black "Pascoe, Bramwell"]
[Result "0-1"]
[WhiteElo "1605"]
[BlackElo "1605"]
[PlyCount "64"]
[EventDate "1998.09.??"]

1. d4 d5 2. Nf3 Nc6 3. Bf4 Nf6 4. h3 g6 5. e3 Bg7 6. Bb5 Bd7 7. Bxc6 Bxc6 8.
Nc3 O-O 9. O-O a6 10. Ne5 Bb5 11. Nxb5 axb5 12. Ng4 c6 13. Nh6+ Kh8 14. Ng4 Qd7
15. Ne5 Qe6 16. Ng4 h5 17. Nxf6 Qxf6 18. Be5 Qe6 19. Bxg7+ Kxg7 20. c3 Qf5 21.
Qb1 Qxb1 22. Rfxb1 Rfe8 23. b3 e5 24. dxe5 Rxe5 25. c4 b4 26. cxd5 Rxd5 27. Rb2
Rad8 28. Kf1 Kf6 29. Ke2 Ke5 30. Rd2 Rxd2+ 31. Ke1 Rb2 32. a3 Rdd2 0-1

[Event "Michigan Amateur"]
[Site "Kalamazoo "]
[Date "1998.??.??"]
[Round "?"]
[White "Mandell, S."]
[Black "Newhouse, Gregory"]
[Result "0-1"]
[WhiteElo "1605"]
[BlackElo "1605"]
[PlyCount "112"]
[EventDate "1998.07.??"]

{7/18} 1. d4 Nf6 2. Nf3 e6 3. Bg5 d5 4. e3 Nbd7 5. Bd3 c5 6. Bb5 Bd6 7. Nbd2
O-O 8. O-O a6 9. dxc5 Nxc5 10. Bd3 Nxd3 11. cxd3 h6 12. Bxf6 Qxf6 13. Qb3 b5
14. e4 Bb7 15. exd5 Bxd5 16. Ne4 Qe7 17. Qc3 Rfc8 18. Qd4 Bc5 19. Nxc5 Qxc5 20.
b4 Qxd4 21. Nxd4 e5 22. Nb3 Bxb3 23. axb3 Rc6 24. Rfc1 Rac8 25. Rxc6 Rxc6 26.
h3 f6 27. g3 Kf7 28. Kg2 Ke6 29. Kf3 f5 30. g4 Rd6 31. Rd1 e4+ 32. Ke3 Rxd3+
33. Rxd3 exd3 34. Kxd3 fxg4 35. hxg4 Ke5 36. Ke3 g6 37. f4+ Ke6 38. Ke4 h5 39.
f5+ gxf5+ 40. gxf5+ Kf6 41. Kf4 h4 42. Kg4 h3 43. Kxh3 Kxf5 44. Kg3 Ke4 45. Kf2
Kd3 46. Ke1 Kc2 47. Ke2 Kxb3 48. Kd3 Kxb4 49. Kc2 a5 50. Kb2 a4 51. Ka2 a3 52.
Ka1 Kb3 53. Kb1 b4 54. Ka1 Kc2 55. Ka2 b3+ 56. Ka1 b2+ 0-1

[Event "Michigan Amateur"]
[Site "Kalamazoo "]
[Date "1998.??.??"]
[Round "?"]
[White "Mandell, S."]
[Black "Masek, Adam"]
[Result "0-1"]
[WhiteElo "1605"]
[BlackElo "1605"]
[PlyCount "108"]
[EventDate "1998.07.??"]

{7/18} 1. d4 d5 2. Nf3 c6 3. Bf4 Nf6 4. h3 e6 5. e3 Bd6 6. Ne5 Bxe5 7. Bxe5
Nbd7 8. Bh2 Qe7 9. Bd3 O-O 10. O-O e5 11. Qe1 Re8 12. Nc3 e4 13. Be2 Nf8 14. a3
Ng6 15. f3 exf3 16. Bxf3 Qxe3+ 17. Qxe3 Rxe3 18. Rfe1 Rxe1+ 19. Rxe1 Bf5 20.
Bd1 Be4 21. Be5 Nxe5 22. Nxe4 Nxe4 23. dxe5 Re8 24. e6 Rxe6 25. Bg4 Re7 26. Bh5
g6 27. Bg4 f5 28. Bf3 Kf7 29. g4 f4 30. c4 Nd2 31. Rxe7+ Kxe7 32. Be2 g5 33.
cxd5 cxd5 34. Bd3 h6 35. a4 Ne4 36. Kg2 Nc5 37. Bc2 d4 38. b4 Na6 39. Be4 Nxb4
40. Bxb7 d3 41. Kf2 Kd6 42. Be4 Ke5 43. Bf5 Kd4 44. Ke1 Ke3 45. Kd1 Nd5 46.
Bxd3 Kxd3 47. a5 Nc3+ 48. Ke1 Ke3 49. a6 f3 50. h4 gxh4 51. g5 hxg5 52. Kf1 Nd5
53. Ke1 h3 54. Kd1 h2 0-1

[Event "Michigan Amateur"]
[Site "Kalamazoo "]
[Date "1998.??.??"]
[Round "?"]
[White "Mandell, S."]
[Black "Johnson, Donta"]
[Result "0-1"]
[WhiteElo "1605"]
[BlackElo "1605"]
[PlyCount "68"]
[EventDate "1998.07.??"]

{7/19} 1. d4 d5 2. Nf3 Bf5 3. Bf4 Nf6 4. e3 e6 5. Be2 c5 6. Nc3 a6 7. O-O Nc6
8. h3 Bd6 9. Ne5 Qc7 10. Nxc6 Qxc6 11. Bxd6 Qxd6 12. Bd3 Bg6 13. dxc5 Qxc5 14.
Na4 Qd6 15. Bxg6 hxg6 16. Qd4 Rc8 17. c3 Rc4 18. Qb6 Qb8 19. Nc5 Rch4 20. Qxb7
Qxb7 21. Nxb7 g5 22. f3 Nd7 23. f4 g4 24. hxg4 Nf6 25. Nd6+ Ke7 26. g5 Ng4 27.
g3 Rh2 28. e4 Kxd6 29. e5+ Kd7 30. Rab1 Rh1+ 31. Kg2 Ne3+ 32. Kf2 Rxf1+ 33.
Rxf1 Nxf1 34. Kxf1 Rh2 0-1

[Event "Michigan Open Reserve"]
[Site "Flint, MI"]
[Date "1998.??.??"]
[Round "?"]
[White "Mandell, S."]
[Black "Haney, Mark"]
[Result "0-1"]
[WhiteElo "1605"]
[BlackElo "1605"]
[PlyCount "48"]
[EventDate "1998.09.??"]

1. d4 d5 2. Nf3 Nf6 3. Bf4 Bf5 4. e3 e6 5. Nc3 Bd6 6. Bxd6 cxd6 7. Nh4 Bg4 8.
Be2 Bxe2 9. Qxe2 a6 10. e4 dxe4 11. Nxe4 d5 12. Nxf6+ Qxf6 13. Qg4 h5 14. Qg3
O-O 15. Nf3 Nc6 16. c3 Qf5 17. Qc7 Qe4+ 18. Kd2 Rfc8 19. Qxb7 Rab8 20. Ng5 Qf4+
21. Ke2 Nxd4+ 22. Kd3 Rxb7 23. cxd4 Qf5+ 24. Ke2 Rc2+ 0-1